| 000 | 00630nmm a2200193Ia 4500 | ||
|---|---|---|---|
| 008 | 251105s9999||||xx |||||||||||||||||und|| | ||
| 020 | _a9788433975829 | ||
| 041 | _aspa | ||
| 100 | _aSáenz Sagaseta de Ilúrdoz, Miguel | ||
| 245 | 0 | _aRelatos autobiográficos | |
| 264 |
_a[Madrid, España] : _bEditorial Anagrama, _c[Fecha de publicación no identificada] |
||
| 300 | _a0 páginas | ||
| 490 | _aOtra vuelta de tuerca | ||
| 700 | _aSáenz Sagaseta de Ilúrdoz, Miguel | ||
| 700 | 1 | _a Sagaseta de Ilúrdoz, Miguel | |
| 700 | 1 | _a Bernhard, Thomas | |
| 856 | _uhttps://public.digitaliapublishing.com/a/161593 | ||
| 942 | _cCF | ||
| 999 |
_c70929 _d70929 |
||